It looks like you're offline.
Open Library logo
additional options menu

MARC record from Internet Archive

LEADER: 01017cam a22003010 4500
001 991106618030406196
005 20221111191428.0
008 770714||||| ||| eng x
035 $a(UTL)1258570-01utoronto_inst
035 $a(SIRSI)1258570$9ExL
035 $a(Sirsi) AFG-4452
035 $a(OCoLC)976971236
040 $aOTU$bENG
088 $aCA2ONIT.100..O52....ENG
089 $aHG
090 9 $aCA2ONIT.100..O52....ENG$bGOVT$d1974 - 1985.
110 $aONTARIO. MINISTRY OF INDUSTRY AND TOURISM. TRADE RESEARCH BRANCH
245 $aONTARIO EXPORTS BY COUNTRIES AND COMMODITIES.
265 $a8
300 $aAN
596 $a26
740 0 $aONTARIO EXPORTS BY COUNTRIES, COMMODITIES AND INDUSTRIES.
740 00 $aONTARIO EXPORTS AND IMPORTS.
903 $aGovernment Document
948 $a07/15/1992$b01/15/1993
965 $a1258570
999 $aCA2ONIT.100..O52....ENG$wLC$c1$i34444008045528$lGOVPUBS$mROBARTS$rN$sY$tBOOK$u15/8/1994$yBOOK
852 0 $bROBARTS$cGOVPUBS$hCA2ONIT.100..O52....ENG